U.S. Metro Areas with Highest Murder Rate 2020 - Statistics

General Stats
  • This quiz has been taken 69 times
  • The average score is 11 of 17
Answers on the Map
Answers color-coded by a green-red scale on the quiz's map according to % correct below.
 
Answer Stats
Rate per 100,000 population Answer % Correct
9.0 Detroit
95%
10.2 Chicago
93%
18.9 New Orleans
89%
11.1 St. Louis
87%
9.2 Cleveland
85%
14.1 Baltimore
82%
18.5 Memphis
82%
9.9 Milwaukee
80%
9.2 Indianapolis
75%
10.4 Louisville
69%
9.0 Las Vegas
54%
8.5 Jacksonville
48%
9.5 Baton Rouge
43%
9.2 Tulsa
31%
9.4 Charleston
23%
9.5 Norfolk/Virginia Beach
23%
9.9 Bakersfield
13%
No matching quizzes found
Score Distribution
Percent of People with Each Score
Percentile by Number Answered
Your Score History
You have not taken this quiz